000 00632nam a2200181 i 4500
001 45634
003 ES-MaACL
005 20230906161241.0
007 t|
008 030326s1972 sp ||||1| spa d
100 1 _aColnstein, Gideon.
_939781
245 1 3 _aEl timo
_b: su significación en la patología y en la clínica /
_cGideon Colnstein y Ian R. Mackay ; [traducción N. Lloret Barber].
260 _aBarcelona, etc. :
_bEd. Científico-Médica,
_c1972.
300 _aXX, 395 p., 12 lám. :
_bil. ;
_c22 cm.
700 1 _aMackay, Ian R.
_975246
700 1 _aLloret Barber, N.
_972921
852 _aES-MaACL
_jC-42948
_bR.82172
999 _c45634
_d45634